[Event "Titled Tuesday intern op 14th Sept"]
[Site "Chess.com INT"]
[Date "2021.09.14"]
[Round "8"]
[White "Blednov, Stanislav"]
[Black "Hasman, Cengiz"]
[Result "0-1"]
[WhiteElo "2465"]
[BlackElo "2101"]
[PlyCount "74"]
[EventDate "2021.09.14"]
[EventType "swiss (blitz)"]
[EventRounds "11"]
[EventCountry "USA"]
[SourceTitle "EXT 2022"]
[Source "ChessBase"]
[SourceDate "2021.10.06"]
[SourceVersion "1"]
[SourceVersionDate "2021.10.06"]
[SourceQuality "1"]

1. Nc3 d6 2. e4 Nf6 3. d4 Nbd7 4. f4 e5 5. Nf3 exd4 6. Qxd4 c6 7. a4 d5 8. e5 Bc5 9. Qd3 Ng4 10. Nd4 0-0 11. Be2 Ndxe5 12. fxe5 Nxe5 13. Qd1 Qh4+ 14. g3 Qxd4 15. Qxd4 Bxd4 16. Bf4 Ng6 17. Bd6 Re8 18. Kd2 Bh3 19. Bf3 Rad8 20. Ba3 Be3+ 21. Kd1 Ne5 22. Be2 Bg4 23. Rf1 Bxe2+ 24. Nxe2 Nc4 25. Nf4 Bd4 26. Kc1 Be3+ 27. Kd1 Re4 28. Nd3 Rde8 29. c3 Bh6 30. Re1 Rxe1+ 31. Nxe1 b6 32. Kc2 c5 33. Nd3 Re2+ 34. Kb3 Nd2+ 35. Ka2 Ne4 36. Rc1 Bxc1 37. Nxc1 Rxh2 0-1

[Event "Titled Tuesday intern op 14th Sept"]
[Site "Chess.com INT"]
[Date "2021.09.14"]
[Round "7"]
[White "Blednov, Stanislav"]
[Black "Hoffmann, Asa"]
[Result "1-0"]
[WhiteElo "2465"]
[BlackElo "2185"]
[PlyCount "27"]
[EventDate "2021.09.14"]
[EventType "swiss (blitz)"]
[EventRounds "11"]
[EventCountry "USA"]
[SourceTitle "EXT 2022"]
[Source "ChessBase"]
[SourceDate "2021.10.06"]
[SourceVersion "1"]
[SourceVersionDate "2021.10.06"]
[SourceQuality "1"]

1. Nc3 d6 2. e4 c6 3. d4 Nf6 4. f4 Qa5 5. Bd3 e5 6. Be3 Ng4 7. Qd2 Qb6 8. Na4 exd4 9. Nxb6 dxe3 10. Qe2 axb6 11. Nh3 b5 12. 0-0 Na6 13. f5 Be7 14. Qxg4 1-0

[Event "Titled Tuesday intern op 14th Sept"]
[Site "Chess.com INT"]
[Date "2021.09.14"]
[Round "1"]
[White "Haitin, Ilja"]
[Black "Blednov, Stanislav"]
[Result "1-0"]
[WhiteElo "2337"]
[BlackElo "2465"]
[PlyCount "85"]
[EventDate "2021.09.14"]
[EventType "swiss (blitz)"]
[EventRounds "11"]
[EventCountry "USA"]
[SourceTitle "EXT 2022"]
[Source "ChessBase"]
[SourceDate "2021.10.06"]
[SourceVersion "1"]
[SourceVersionDate "2021.10.06"]
[SourceQuality "1"]

1. e4 c5 2. d3 e6 3. f4 Nc6 4. Nf3 Nf6 5. Be2 d5 6. e5 Nd7 7. c3 Be7 8. 0-0 0-0 9. d4 Rb8 10. Be3 b5 11. Nbd2 b4 12. Kh1 Qb6 13. Bd3 Ba6 14. Qe2 Bxd3 15. Qxd3 c4 16. Qe2 bxc3 17. bxc3 Qb2 18. Rac1 Qxa2 19. g4 f5 20. exf6 Nxf6 21. Ng5 Nd8 22. Ra1 Qc2 23. Rxa7 Bd6 24. Bg1 Re8 25. Ngf3 Qxc3 26. g5 Ne4 27. Nxe4 dxe4 28. Qxe4 Bf8 29. g6 h6 30. d5 Qd3 31. Qxd3 cxd3 32. Rd1 exd5 33. Rxd3 Rb1 34. Rxd5 Ne6 35. f5 Ng5 36. Nxg5 hxg5 37. Rd3 Rxg1+ 38. Kxg1 Bc5+ 39. Kg2 Bxa7 40. Kf3 Bc5 41. Kg4 Be7 42. Re3 Bf6 43. Rxe8# 1-0

[Event "Krasnograd Christmas op"]
[Site "Krasnograd"]
[Date "2018.01.19"]
[Round "8"]
[White "Blednov, Stanislav"]
[Black "Doronin, Oleg"]
[Result "1-0"]
[WhiteElo "2459"]
[BlackElo "2161"]
[PlyCount "73"]
[EventDate "2018.01.15"]
[EventType "swiss"]
[EventRounds "9"]
[EventCountry "UKR"]
[SourceTitle "CBM 182 Extra"]
[Source "ChessBase"]
[SourceDate "2018.02.23"]
[SourceVersion "1"]
[SourceVersionDate "2018.02.23"]
[SourceQuality "1"]

1. d4 Nf6 2. c4 e6 3. Nc3 Bb4 4. Qc2 0-0 5. e4 d5 6. e5 Ne4 7. Bd3 c5 8. Nge2 cxd4 9. Nxd4 Nd7 10. Bf4 Ndc5 11. 0-0 Bxc3 12. bxc3 Bd7 13. Be2 Na4 14. Bf3 Naxc3 15. Bxe4 Nxe4 16. f3 Nc5 17. cxd5 Rc8 18. d6 Qa5 19. Qe2 f6 20. exf6 Rxf6 21. Be5 Rg6 22. Rac1 b6 23. Rfd1 Rd8 24. Nb3 Nxb3 25. axb3 Qb5 26. Qxb5 Bxb5 27. Rc7 Rd7 28. b4 Kf7 29. Ra1 a6 30. Rxd7+ Bxd7 31. Rxa6 b5 32. Ra7 Ke8 33. g3 Rg5 34. f4 Rh5 35. h4 h6 36. Ra8+ Kf7 37. Rh8 1-0

[Event "Krasnograd Christmas op"]
[Site "Krasnograd"]
[Date "2018.01.15"]
[Round "1"]
[White "Blednov, Stanislav"]
[Black "Osmetkin, Anatoly"]
[Result "1/2-1/2"]
[WhiteElo "2459"]
[BlackElo "2179"]
[PlyCount "72"]
[EventDate "2018.01.15"]
[EventType "swiss"]
[EventRounds "9"]
[EventCountry "UKR"]
[SourceTitle "CBM 182 Extra"]
[Source "ChessBase"]
[SourceDate "2018.02.23"]
[SourceVersion "1"]
[SourceVersionDate "2018.02.23"]
[SourceQuality "1"]

1. c4 c5 2. Nc3 Nc6 3. g3 h5 4. h3 d6 5. Bg2 Bd7 6. Nf3 Qc8 7. d3 g6 8. Bd2 Bg7 9. Rb1 Nf6 10. a3 Nd4 11. Ng5 Bc6 12. 0-0 Bxg2 13. Kxg2 Qc6+ 14. Kg1 h4 15. g4 Nxg4 16. hxg4 h3 17. f3 Qd7 18. b4 f6 19. Nge4 f5 20. Nf2 0-0-0 21. bxc5 dxc5 22. Nb5 Nxb5 23. Rxb5 Qd6 24. Nh1 fxg4 25. fxg4 Rdf8 26. e3 Qxd3 27. Rxf8+ Rxf8 28. Rxc5+ Kb8 29. Nf2 h2+ 30. Kg2 h1Q+ 31. Nxh1 Qe4+ 32. Kg1 Bd4 33. Rb5 Bxe3+ 34. Bxe3 Qxe3+ 35. Kg2 Qe4+ 36. Kg1 Qe3+ 1/2-1/2

[Event "Zolochiv Winter op"]
[Site "Zolochiv"]
[Date "2017.12.05"]
[Round "4"]
[White "Dourtmes, Philip"]
[Black "Blednov, Stanislav"]
[Result "1-0"]
[WhiteElo "2328"]
[BlackElo "2483"]
[PlyCount "59"]
[EventDate "2017.12.03"]
[EventType "swiss"]
[EventRounds "9"]
[EventCountry "UKR"]
[SourceTitle "EXT 2019"]
[Source "ChessBase"]
[SourceDate "2018.10.10"]
[SourceVersion "1"]
[SourceVersionDate "2018.10.10"]
[SourceQuality "1"]

1. d4 d5 2. c4 e6 3. Nc3 Nf6 4. cxd5 exd5 5. Bg5 Be7 6. e3 c6 7. Qc2 0-0 8. Bd3 Nbd7 9. Nf3 Re8 10. 0-0-0 Nf8 11. h4 Be6 12. Kb1 b5 13. Ne5 Qb6 14. f4 a5 15. g4 Nxg4 16. f5 Nxe5 17. dxe5 Bc8 18. f6 Bd8 19. fxg7 Kxg7 20. Qg2 Kh8 21. Rdg1 Ne6 22. Qf3 Ng7 23. Bf6 Bxf6 24. Qxf6 Rg8 25. Rxg7 Rxg7 26. Rg1 Bg4 27. Rxg4 Rag8 28. h5 Qxe3 29. h6 Qxd3+ 30. Ka1 1-0

[Event "Zolochiv Winter op"]
[Site "Zolochiv"]
[Date "2017.12.04"]
[Round "3"]
[White "Blednov, Stanislav"]
[Black "Odnorozhenko, Evgenyi"]
[Result "0-1"]
[WhiteElo "2483"]
[BlackElo "2310"]
[PlyCount "94"]
[EventDate "2017.12.03"]
[EventType "swiss"]
[EventRounds "9"]
[EventCountry "UKR"]
[SourceTitle "EXT 2019"]
[Source "ChessBase"]
[SourceDate "2018.10.10"]
[SourceVersion "1"]
[SourceVersionDate "2018.10.10"]
[SourceQuality "1"]

1. d4 e6 2. Nf3 f5 3. g3 Nf6 4. Bg2 d5 5. 0-0 c6 6. c4 Bd6 7. Bf4 Bxf4 8. gxf4 0-0 9. e3 Bd7 10. Nbd2 Be8 11. Qc2 Bh5 12. Ne5 Nbd7 13. b4 Kh8 14. a4 Rg8 15. Kh1 g5 16. fxg5 Rxg5 17. Rg1 Nxe5 18. dxe5 Ne4 19. Nf3 Rxg2 20. Kxg2 Qe7 21. Nd4 Qh4 22. Raf1 Rg8+ 23. Kh1 Rxg1+ 24. Kxg1 Bf3 25. Nxf3 Qg4+ 26. Kh1 Qxf3+ 27. Kg1 Ng5 28. Rc1 Nh3+ 29. Kf1 d4 30. exd4 Nf4 31. Ke1 Nd3+ 32. Kd2 Nxb4 33. Qc3 Qxf2+ 34. Kd1 Na2 35. Qc2 Qg1+ 36. Kd2 Qxh2+ 37. Kd1 Qg1+ 38. Kd2 Qxc1+ 39. Qxc1 Nxc1 40. Kxc1 Kg7 41. a5 a6 42. Kd1 h5 43. Ke2 h4 44. Kf2 f4 45. Kg2 Kg6 46. Kf2 Kf5 47. Kg2 Ke4 0-1

[Event "Zolochiv Winter op"]
[Site "Zolochiv"]
[Date "2017.12.04"]
[Round "2"]
[White "Kaliuzhny, Andrey"]
[Black "Blednov, Stanislav"]
[Result "0-1"]
[WhiteElo "2291"]
[BlackElo "2483"]
[PlyCount "86"]
[EventDate "2017.12.03"]
[EventType "swiss"]
[EventRounds "9"]
[EventCountry "UKR"]
[SourceTitle "EXT 2019"]
[Source "ChessBase"]
[SourceDate "2018.10.10"]
[SourceVersion "1"]
[SourceVersionDate "2018.10.10"]
[SourceQuality "1"]

1. g3 d5 2. Bg2 e5 3. d3 Bd6 4. Nf3 Nf6 5. 0-0 0-0 6. Nbd2 Re8 7. e4 c6 8. Re1 Bg4 9. h3 Bh5 10. Nf1 Nbd7 11. g4 Bg6 12. Ng3 Qb6 13. b3 Rad8 14. c3 Nc5 15. Qc2 a5 16. Be3 Qc7 17. Nh4 b5 18. Nhf5 Bf8 19. Rad1 h6 20. Bc1 Ne6 21. Bb2 h5 22. Qe2 Nf4 23. Qf3 hxg4 24. hxg4 Nh7 25. Ne2 Ng5 26. Qe3 f6 27. Nxf4 exf4 28. Qe2 dxe4 29. dxe4 Rxd1 30. Rxd1 Bc5 31. Bf3 Rd8 32. Rxd8+ Qxd8 33. Kg2 Bf7 34. Qd1 Qxd1 35. Bxd1 Nxe4 36. Bf3 Nxf2 37. Bxc6 Nxg4 38. Bxb5 Bd5+ 39. Kf1 f3 40. Bc1 Nh2+ 41. Ke1 f2+ 42. Kd1 f1Q+ 43. Bxf1 Nxf1 0-1

[Event "Zolochiv Autumn 4th"]
[Site "Zolochiv"]
[Date "2017.11.04"]
[Round "8"]
[White "Poliakov, Vladimir"]
[Black "Blednov, Stanislav"]
[Result "1/2-1/2"]
[WhiteElo "2401"]
[BlackElo "2501"]
[PlyCount "28"]
[EventDate "2017.10.31"]
[EventType "swiss"]
[EventRounds "9"]
[EventCountry "UKR"]
[SourceTitle "EXT 2019"]
[Source "ChessBase"]
[SourceDate "2018.10.10"]
[SourceVersion "1"]
[SourceVersionDate "2018.10.10"]
[SourceQuality "1"]

1. d4 d5 2. c4 c6 3. cxd5 cxd5 4. Nf3 Nf6 5. Nc3 Nc6 6. Bf4 Bf5 7. e3 e6 8. Bd3 Bxd3 9. Qxd3 Bd6 10. Bxd6 Qxd6 11. 0-0 0-0 12. Rfc1 Rfc8 13. h3 h6 14. Ne2 Ne7 1/2-1/2

[Event "Golubitskaya"]
[Site "Golubitskaya"]
[Date "2017.07.26"]
[Round "9"]
[White "Blednov, Stanislav"]
[Black "Vlasenko, Alexey"]
[Result "1/2-1/2"]
[WhiteElo "2471"]
[BlackElo "2437"]
[PlyCount "37"]
[EventDate "2017.07.22"]
[EventType "tourn"]
[EventRounds "9"]
[EventCountry "RUS"]
[EventCategory "2"]
[SourceTitle "CBM 179 Extra"]
[Source "ChessBase"]
[SourceDate "2017.08.23"]
[SourceVersion "1"]
[SourceVersionDate "2017.08.23"]
[SourceQuality "1"]

1. e4 c6 2. d4 d5 3. exd5 cxd5 4. c4 Nf6 5. Nc3 e6 6. Nf3 Bb4 7. cxd5 exd5 8. Bb5+ Bd7 9. Qe2+ Ne4 10. 0-0 Bxc3 11. bxc3 0-0 12. Bd3 Re8 13. Ne5 Nc6 14. Nxf7 Qf6 15. Ne5 Nxe5 16. dxe5 Qxe5 17. Bxe4 Qxe4 18. Qxe4 Rxe4 19. Be3 1/2-1/2

[Event "Golubitskaya"]
[Site "Golubitskaya"]
[Date "2017.07.23"]
[Round "4"]
[White "Dolzhenko, Alexander"]
[Black "Blednov, Stanislav"]
[Result "0-1"]
[WhiteElo "2268"]
[BlackElo "2471"]
[PlyCount "92"]
[EventDate "2017.07.22"]
[EventType "tourn"]
[EventRounds "9"]
[EventCountry "RUS"]
[EventCategory "2"]
[SourceTitle "CBM 179 Extra"]
[Source "ChessBase"]
[SourceDate "2017.08.23"]
[SourceVersion "1"]
[SourceVersionDate "2017.08.23"]
[SourceQuality "1"]

1. e4 Nc6 2. Nf3 f5 3. exf5 d5 4. Bb5 Bxf5 5. Nd4 Bd7 6. Bxc6 bxc6 7. 0-0 c5 8. Re1 Nf6 9. Ne6 Bxe6 10. Rxe6 Qd7 11. Re1 e6 12. Qe2 Bd6 13. Qxe6+ Qxe6 14. Rxe6+ Kd7 15. Re1 Rhe8 16. Rf1 Re6 17. d3 Re2 18. c4 d4 19. h3 Rae8 20. Nd2 Bf4 21. Nb3 Bxc1 22. Rfxc1 Kd6 23. Rab1 Nh5 24. g3 Rf8 25. Rf1 Rf3 26. Nc1 Rc2 27. a3 a5 28. b3 c6 29. Ra1 Rb2 30. b4 cxb4 31. axb4 axb4 32. Ra8 Nxg3 33. fxg3 Rxg3+ 34. Kh1 Rxh3+ 35. Kg1 Rhh2 36. Rf4 Rbg2+ 37. Kf1 Rc2 38. Kg1 Rhd2 39. Ra1 c5 40. Rf3 Rd1+ 41. Rf1 Rxf1+ 42. Kxf1 Rc3 43. Ke2 b3 44. Rb1 b2 45. Na2 Rc2+ 46. Kf3 h5 0-1

[Event "Cherkessk Habez"]
[Site "Cherkessk"]
[Date "2014.07.18"]
[Round "9"]
[White "Blednov, Stanislav"]
[Black "Skorchenko, Dmitry"]
[Result "1/2-1/2"]
[WhiteElo "2483"]
[BlackElo "2493"]
[PlyCount "21"]
[EventDate "2014.07.11"]
[EventType "tourn"]
[EventRounds "9"]
[EventCountry "RUS"]
[EventCategory "7"]
[SourceTitle "CBM 161 Extra"]
[Source "ChessBase"]
[SourceDate "2014.08.29"]
[SourceVersion "1"]
[SourceVersionDate "2014.08.29"]
[SourceQuality "1"]

1. e4 e6 2. d4 d5 3. Nc3 Bb4 4. exd5 exd5 5. Bd3 Nc6 6. Nge2 Nge7 7. 0-0 Bf5 8. Bxf5 Nxf5 9. Nf4 Nce7 10. Re1 0-0 11. Nd3 1/2-1/2

[Event "Dombai"]
[Site "Dombai"]
[Date "2014.01.11"]
[Round "6"]
[White "Blednov, Stanislav"]
[Black "Skorchenko, Dmitry"]
[Result "0-1"]
[WhiteElo "2484"]
[BlackElo "2487"]
[PlyCount "60"]
[EventDate "2014.01.09"]
[EventType "tourn"]
[EventRounds "9"]
[EventCountry "RUS"]
[EventCategory "7"]
[SourceTitle "CBM 158 Extra"]
[Source "ChessBase"]
[SourceDate "2014.02.28"]
[SourceVersion "1"]
[SourceVersionDate "2014.02.28"]
[SourceQuality "1"]

1. e4 c5 2. Nf3 d6 3. Nc3 a6 4. d4 cxd4 5. Nxd4 Nf6 6. Bg5 Nbd7 7. Qe2 e6 8. g4 h6 9. Be3 b5 10. Bg2 Bb7 11. a3 Ne5 12. h3 Nc4 13. Bc1 Qb6 14. Nb3 Rc8 15. 0-0 Be7 16. Kh1 g5 17. Kg1 h5 18. Bxg5 hxg4 19. hxg4 Nxb2 20. Be3 Qc6 21. Na5 Qxc3 22. Nxb7 Rc7 23. g5 Rxb7 24. gxf6 Qxf6 25. Qf3 Rc7 26. Qxf6 Bxf6 27. Ra2 Rg8 28. Rc1 Na4 29. Kf1 Nc3 30. Raa1 Ne2 0-1

[Event "Dombai"]
[Site "Dombai"]
[Date "2014.01.09"]
[Round "1"]
[White "Zakharov, Roman"]
[Black "Blednov, Stanislav"]
[Result "0-1"]
[WhiteElo "2305"]
[BlackElo "2484"]
[PlyCount "40"]
[EventDate "2014.01.09"]
[EventType "tourn"]
[EventRounds "9"]
[EventCountry "RUS"]
[EventCategory "7"]
[SourceTitle "CBM 158 Extra"]
[Source "ChessBase"]
[SourceDate "2014.02.28"]
[SourceVersion "1"]
[SourceVersionDate "2014.02.28"]
[SourceQuality "1"]

1. d4 d5 2. Nf3 Nf6 3. Bf4 c5 4. e3 Qb6 5. Qc1 cxd4 6. exd4 Bg4 7. c3 Bxf3 8. gxf3 Nc6 9. Bh3 g6 10. Nd2 Bg7 11. a4 0-0 12. b4 Nh5 13. a5 Qd8 14. Bg3 e5 15. dxe5 Nxe5 16. 0-0 Nd3 17. Qc2 Nhf4 18. Bg2 Rc8 19. Ra3 Bxc3 20. Rxc3 Rxc3 0-1

[Event "Marsel IM"]
[Site "Dombaj"]
[Date "2011.07.??"]
[Round "5"]
[White "Akbaev, Kazbek"]
[Black "Blednov, Stanislav"]
[Result "1-0"]
[WhiteElo "2450"]
[BlackElo "2399"]
[PlyCount "57"]
[EventDate "2011.07.23"]
[EventType "swiss"]
[EventRounds "8"]
[EventCountry "RUS"]
[SourceTitle "EXT 2022"]
[Source "ChessBase"]
[SourceDate "2021.10.06"]
[SourceVersion "1"]
[SourceVersionDate "2021.10.06"]
[SourceQuality "1"]

1. e4 c5 2. Nf3 Nf6 3. e5 Nd5 4. Nc3 e6 5. Nxd5 exd5 6. d4 Nc6 7. dxc5 Bxc5 8. Bd3 d6 9. exd6 Bxd6 10. 0-0 Bg4 11. Re1+ Be7 12. h3 Bh5 13. Bf4 0-0 14. c3 Rc8 15. Bf5 Ra8 16. Qd3 Bxf3 17. Qxf3 d4 18. cxd4 Nxd4 19. Bxh7+ Kxh7 20. Qe4+ Kg8 21. Qxe7 Nc2 22. Rad1 Qa5 23. Re5 Qa4 24. Qh4 Nd4 25. Rd3 Ne6 26. Rh5 f6 27. Rh8+ Kf7 28. Qh5+ Ke7 29. Bd6+ 1-0

[Event "Lugansk Stanitsa"]
[Site "Lugansk"]
[Date "2010.12.20"]
[Round "9"]
[White "Bedia, Melor"]
[Black "Blednov, Stanislav"]
[Result "1/2-1/2"]
[WhiteElo "2489"]
[BlackElo "2360"]
[PlyCount "29"]
[EventDate "2010.12.16"]
[EventType "tourn"]
[EventRounds "9"]
[EventCountry "UKR"]
[EventCategory "6"]
[SourceTitle "CBM 140 Extra"]
[Source "ChessBase"]
[SourceDate "2011.03.01"]
[SourceVersion "1"]
[SourceVersionDate "2011.03.01"]
[SourceQuality "1"]

1. e4 e6 2. d4 d5 3. Nc3 Nf6 4. Bg5 dxe4 5. Nxe4 Nbd7 6. Nxf6+ Nxf6 7. Nf3 h6 8. Bxf6 Qxf6 9. Bb5+ c6 10. Bd3 Bd7 11. Ne5 Bd6 12. Qe2 0-0-0 13. 0-0 c5 14. c3 Kb8 15. Rfd1 1/2-1/2

[Event "Lugansk Stanitsa"]
[Site "Lugansk"]
[Date "2010.12.19"]
[Round "7"]
[White "Blednov, Stanislav"]
[Black "Gutsko, Nikolai"]
[Result "1-0"]
[WhiteElo "2360"]
[BlackElo "2287"]
[PlyCount "89"]
[EventDate "2010.12.16"]
[EventType "tourn"]
[EventRounds "9"]
[EventCountry "UKR"]
[EventCategory "6"]
[SourceTitle "CBM 140 Extra"]
[Source "ChessBase"]
[SourceDate "2011.03.01"]
[SourceVersion "1"]
[SourceVersionDate "2011.03.01"]
[SourceQuality "1"]

1. e4 g6 2. d4 Bg7 3. Nc3 d6 4. f4 a6 5. Nf3 Nd7 6. e5 c5 7. Bc4 cxd4 8. Ng5 Nxe5 9. fxe5 dxc3 10. Nxf7 cxb2 11. Bxb2 Qb6 12. Bb3 Nh6 13. Nxh8 Bxe5 14. Ba4+ Kd8 15. Bxe5 Qa5+ 16. Kf2 Qxe5 17. h3 Qf4+ 18. Qf3 Qxa4 19. Qf8+ Kd7 20. Qxh6 Qxc2+ 21. Kf1 Qb2 22. Re1 Qxh8 23. Kg1 b5 24. Kh2 Bb7 25. Rhf1 Re8 26. Rf7 Qc3 27. Qh4 g5 28. Qf2 g4 29. Rxh7 Kd8 30. hxg4 Qc6 31. Re2 Qd5 32. Qh4 Kc8 33. Rhxe7 Rxe7 34. Qxe7 Bc6 35. g5 Qc4 36. g6 Qf4+ 37. Kg1 Qc1+ 38. Re1 Qc5+ 39. Qe3 Qc2 40. Qg5 Qc3 41. Rc1 Qd4+ 42. Kh2 Kd7 43. g7 Bd5 44. Qf5+ Be6 45. g8Q 1-0

[Event "Elista"]
[Site "Elista"]
[Date "2008.01.09"]
[Round "9"]
[White "Kovalenko, Alexander"]
[Black "Blednov, Stanislav"]
[Result "1/2-1/2"]
[WhiteElo "2256"]
[BlackElo "2263"]
[PlyCount "28"]
[EventDate "2008.01.03"]
[EventType "tourn"]
[EventRounds "11"]
[EventCountry "RUS"]
[SourceTitle "CBM 122 Extra"]
[Source "ChessBase"]
[SourceDate "2008.03.04"]
[SourceVersion "1"]
[SourceVersionDate "2008.03.04"]
[SourceQuality "1"]

1. c4 e5 2. Nc3 Nf6 3. d3 Nc6 4. Nf3 Bb4 5. e3 Bxc3+ 6. bxc3 e4 7. Nd4 exd3 8. Bxd3 Ne5 9. 0-0 0-0 10. Ba3 d6 11. c5 b6 12. cxd6 cxd6 13. f3 Nxd3 14. Qxd3 Re8 1/2-1/2

[Event "Elista"]
[Site "Elista"]
[Date "2008.01.06"]
[Round "6"]
[White "Nyudleev, Dolgan"]
[Black "Blednov, Stanislav"]
[Result "1/2-1/2"]
[WhiteElo "2361"]
[BlackElo "2263"]
[PlyCount "51"]
[EventDate "2008.01.03"]
[EventType "tourn"]
[EventRounds "11"]
[EventCountry "RUS"]
[SourceTitle "CBM 122 Extra"]
[Source "ChessBase"]
[SourceDate "2008.03.04"]
[SourceVersion "1"]
[SourceVersionDate "2008.03.04"]
[SourceQuality "1"]

1. e4 c5 2. Nf3 e6 3. d4 cxd4 4. Nxd4 Bc5 5. Nc3 Nc6 6. Ndb5 Qb6 7. Qd2 Qd8 8. Qg5 Qxg5 9. Bxg5 Kf8 10. Na4 Be7 11. Bxe7+ Kxe7 12. 0-0-0 Nf6 13. f3 Rb8 14. Nd6 Ne8 15. Nxe8 Rxe8 16. Be2 d6 17. Rd2 Rd8 18. Rhd1 e5 19. Nc3 Be6 20. Nb5 a6 21. Nxd6 Nd4 22. Nf5+ Bxf5 23. exf5 Nxf5 24. Bd3 g6 25. Re1 Kf6 26. b3 1/2-1/2

[Event "Lugansk-A"]
[Site "Lugansk"]
[Date "2007.10.??"]
[Round "12"]
[White "Blednov, Stanislav"]
[Black "Pushkov, Nikolai"]
[Result "0-1"]
[WhiteElo "2274"]
[BlackElo "2513"]
[PlyCount "82"]
[EventDate "2007.10.??"]
[EventType "tourn"]
[EventRounds "17"]
[EventCountry "UKR"]
[EventCategory "6"]
[SourceTitle "EXT 2009"]
[Source "ChessBase"]
[SourceDate "2008.11.26"]
[SourceVersion "1"]
[SourceVersionDate "2008.11.26"]
[SourceQuality "1"]

1. e4 e6 2. Nf3 d5 3. Nc3 Nf6 4. e5 Nfd7 5. d4 b6 6. Bg5 Be7 7. Bxe7 Qxe7 8. Qd2 0-0 9. 0-0-0 Ba6 10. Bxa6 Nxa6 11. h4 c5 12. h5 h6 13. g4 cxd4 14. Qxd4 Qc5 15. Rhe1 Rac8 16. Qf4 f6 17. exf6 Rxf6 18. Qg3 Rcf8 19. Nd4 e5 20. Nf5 Nc7 21. Ne4 dxe4 22. Rxd7 Ne6 23. Rxe4 Qb5 24. Qd3 Qxd3 25. cxd3 Nc5 26. Rxg7+ Kh8 27. Rxa7 Nxe4 28. dxe4 Rc6+ 29. Kd2 Rd8+ 30. Ke3 Rc1 31. Nxh6 Re1+ 32. Kf3 Rd3+ 33. Kg2 Rxe4 34. f3 Re2+ 35. Kg3 e4 36. Rf7 Rxb2 37. g5 Rxf3+ 38. Rxf3 exf3 39. Kxf3 Rxa2 40. g6 Kg7 41. Ng4 Ra5 0-1

[Event "Lugansk-A"]
[Site "Lugansk"]
[Date "2007.10.??"]
[Round "5"]
[White "Kiselev, Vitaliy1111"]
[Black "Blednov, Stanislav"]
[Result "1-0"]
[WhiteElo "2505"]
[BlackElo "2274"]
[PlyCount "57"]
[EventDate "2007.10.??"]
[EventType "tourn"]
[EventRounds "17"]
[EventCountry "UKR"]
[EventCategory "6"]
[SourceTitle "EXT 2009"]
[Source "ChessBase"]
[SourceDate "2008.11.26"]
[SourceVersion "1"]
[SourceVersionDate "2008.11.26"]
[SourceQuality "1"]

1. e4 c5 2. Nc3 Nc6 3. g3 e6 4. Bg2 Nf6 5. f4 d5 6. e5 Nd7 7. Nf3 Be7 8. Ne2 0-0 9. c3 b5 10. d4 b4 11. Be3 a5 12. 0-0 a4 13. a3 bxc3 14. bxc3 Na5 15. Nd2 c4 16. f5 Nb3 17. Ra2 Nb6 18. f6 gxf6 19. Bh6 Re8 20. exf6 Bxf6 21. Nf4 e5 22. Nh5 Bh8 23. Nf3 exd4 24. Ng5 Ra7 25. Raf2 Ree7 26. Nf6+ Bxf6 27. Rxf6 d3 28. Qh5 d2 29. Bg7 1-0